The middle east / (Record no. 1425)

MARC details
000 -LEADER
fixed length control field 01263nam a22003017a 4500
005 - DATE AND TIME OF LATEST TRANSACTION
control field 20231212085126.0
020 ## - INTERNATIONAL STANDARD BOOK NUMBER
International Standard Book Number 9780753459843
040 ## - CATALOGING SOURCE
Original cataloging agency DLC
Transcribing agency DLC
Modifying agency DLC
Language of cataloging eng
050 00 - LIBRARY OF CONGRESS CALL NUMBER
Classification number DS44.S697
082 00 - DEWEY DECIMAL CLASSIFICATION NUMBER
Classification number 956
100 1# - MAIN ENTRY--PERSONAL NAME
Personal name Steele, Phillip W.
245 14 - TITLE STATEMENT
Title The middle east /
Statement of responsibility, etc. PhilipSteele
260 ## - PUBLICATION, DISTRIBUTION, ETC.
Place of publication, distribution, etc. New York :
Name of publisher, distributor, etc. Kingfisher,
Date of publication, distribution, etc. 2006
300 ## - PHYSICAL DESCRIPTION
Extent 64 unnumbered pages :
Other physical details color illustrations, maps ;
Dimensions 29 cm
490 ## - SERIES STATEMENT
Materials specified Kingfisher Knowledge
505 ## - FORMATTED CONTENTS NOTE
Formatted contents note Z
520 ## - SUMMARY, ETC.
Summary, etc. The Middle East captures the richness and diversity of Middle Eastern culture, and places the region in its global context in a way that no other reference has done for this age group. By examining a wide range of themes, including religion resources, history, politics, and current affairs, and the embarking on a country-by-country examination, The Middle East is an excellent companion to any discussion of current news or social and political events.
521 ## - TARGET AUDIENCE NOTE
Target audience note 1110 <br/>
Source Lexile NC
521 ## - TARGET AUDIENCE NOTE
Target audience note Z<br/>
Source Raz-Plus
650 #0 - SUBJECT ADDED ENTRY--TOPICAL TERM
Topical term or geographic name entry element Middle East
Geographic subdivision Middle East
General subdivision Geography
700 1# - ADDED ENTRY--PERSONAL NAME
Personal name Baker, Julian
700 1# - ADDED ENTRY--PERSONAL NAME
Personal name Bayley, Thomas
700 1# - ADDED ENTRY--PERSONAL NAME
Personal name Harris, David
700 1# - ADDED ENTRY--PERSONAL NAME
Personal name Winfield, Peter
906 ## - LOCAL DATA ELEMENT F, LDF (RLIN)
a 7
b cbc
c orignew
d 1
e ocip
f 19
g y-gencatlg
942 ## - ADDED ENTRY ELEMENTS (KOHA)
Source of classification or shelving scheme Dewey Decimal Classification
Koha item type Books
Suppress in OPAC No
999 ## -
-- 1425
-- 1425
Holdings
Withdrawn status Lost status Source of classification or shelving scheme Damaged status Not for loan Collection Home library Current library Shelving location Date acquired Total Checkouts Full call number Barcode Date last seen Copy number Price effective from Koha item type
    Dewey Decimal Classification     Non-Fiction Footprints International School Library Network Toul Kork Campus Footprints International School Library Network Toul Kork Campus   08/24/2023   STE 956 DS44.S697 2023-0343 08/24/2023 1 08/24/2023 Books
    Dewey Decimal Classification     Non-Fiction Footprints International School Library Network Toul Kork Campus Footprints International School Library Network Toul Kork Campus   08/24/2023   STE 956 DS44.S697 2023-0348 08/24/2023 2 08/24/2023 Books
    Dewey Decimal Classification     Non-Fiction Footprints International School Library Network Toul Kork Campus Footprints International School Library Network Toul Kork Campus   08/24/2023   STE 956 DS44.S697 2023-0349 08/24/2023 3 08/24/2023 Books
    Dewey Decimal Classification     Non-Fiction Footprints International School Library Network Toul Kork Campus Footprints International School Library Network Toul Kork Campus   08/24/2023   STE 956 DS44.S697 2023-0350 08/24/2023 4 08/24/2023 Books
    Dewey Decimal Classification     Non-Fiction Footprints International School Library Network Toul Kork Campus Footprints International School Library Network Toul Kork Campus   08/24/2023   STE 956 DS44.S697 2023-0351 08/24/2023 5 08/24/2023 Books